Normal view MARC view

Entry Nombre personal

Number of records used in: 9

001 - NÚMERO DE CONTROL

  • campo de control: 41881

003 - IDENTIFICADOR DE NÚMERO DE CONTROL

  • campo de control: SpMaBN

005 - FECHA Y HORA DE LA ÚLTIMA TRANSACCIÓN

  • campo de control: 20240510162615.0

008 - ELEMENTOS DE DATO DE LONGITUD-FIJA

  • campo de control de longitud fija: 000000n| aijnnaabn |a aaa

016 ## - NÚMERO DE CONTROL DE UNA AGENCIA BIBLIOGRÁFICA NACIONAL

  • Número de control del registro: BNE19974599096

024 7# - IDENTIFICADOR DE OTROS ESTÁNDARES

  • Número estándar o código: http://viaf.org/viaf/87008737/
  • Fuente: viaf

024 8# - IDENTIFICADOR DE OTROS ESTÁNDARES

  • Número estándar o código: https://data.cervantesvirtual.com/person/56724

024 7# - IDENTIFICADOR DE OTROS ESTÁNDARES

  • Número estándar o código: https://isni.org/isni/0000000059705057
  • Fuente: isni

024 7# - IDENTIFICADOR DE OTROS ESTÁNDARES

  • Número estándar o código: http://www.wikidata.org/entity/Q2836044
  • Fuente: wikidata

040 ## - FUENTE DE CATALOGACIÓN

  • Centro catalogador/agencia de origen: SpMaBN
  • Lengua de catalogación: spa
  • Centro/agencia transcriptor: SpMaBN
  • Normas de descripción: rdc
  • Convención/Normas de encabezamiento de materia/tesauro: embne

046 ## - FECHAS CON CODIFICACIÓN ESPECIAL

  • Fecha de nacimiento: 1889
  • Fecha de la muerte: 1936

100 1# - ENCABEZAMIENTO-NOMBRE DE PERSONA

  • Nombre de persona: Quadra Salcedo, Fernando de la,
  • Fechas asociadas al nombre: 1889-1936

370 ## - LUGAR ASOCIADO

  • Lugar de nacimiento: Güeñes
  • Número de control del registro de autoridad o número normalizado: XX453739
  • Fuente de información: Wikidata

373 ## - GRUPO ASOCIADO

  • Grupo asociado: Real Academia de la Historia
  • Fuente de información: Wikidata

374 ## - OCUPACIÓN

  • Ocupación: Genealogista
  • Ocupación: Empresarios
  • Fuente de información: Wikidata

375 ## - GÉNERO/SEXO

  • Género: Masculino
  • Fuente de información: Wikidata

377 ## - IDIOMA ASOCIADO

  • Código del idioma: spa
  • Término de lengua/lenguaje: Español

400 1# - TRAZADO DE VÉASE--NOMBRE DE PERSONA

  • Nombre de persona: Cuadra Salcedo, Fernando de la,
  • Fechas asociadas al nombre: 1889-1936

670 ## - FUENTE DE DATOS ENCONTRADOS

  • Cita de la fuente: Los vascos del Renacimiento, 1915
  • Información encontrada: port. (Fernando de la Quadra Salcedo)

670 ## - FUENTE DE DATOS ENCONTRADOS

  • Cita de la fuente: Las calles de Bilbao, 1963
  • Información encontrada: port. (Fernando de la Quadra Salcedo, Marqués de Castillejos) p. 5, etc. (n. en Güeñes (Vizcaya) el 30-12-1889, m. en Bilbao, el 25-09-1936; abogado y periodista)

670 ## - FUENTE DE DATOS ENCONTRADOS

  • Cita de la fuente: Ensayos sobre el Renacimiento vasco, 1917
  • Información encontrada: port. (Fernando de la Cuadra Salcedo)

856 4# - LOCALIZACIÓN Y ACCESO ELECTRÓNICOS

  • Identificador Uniforme de Recursos: https://www.bne.es/es/autores/quadra-salcedo-fernando